Hraničářův učeň. Kniha sedmnáctá, Arazanini vlci /
Další příběh z fantasy série o hraničářském učni a jeho přátelích.
Uloženo v:
| Série: | Hraničářův učeň,
část 17 |
|---|---|
| Hlavní autor: | |
| Další autoři: | |
| Médium: | E-kniha |
| Jazyk: | Czech |
| Vydáno: |
V Praze :
Egmont,
2023
|
| Vydání: | 1. vydání |
| Edice: | Fantasy (Egmont)
|
| Témata: | |
| Příbuzné jednotky: | Z cyklu::
Hraničářův učeň |
| Tagy: |
Žádné tagy |
| LEADER | 02713nam a2200565 i 4500 | ||
|---|---|---|---|
| 001 | 311995 | ||
| 003 | CZ PrSKC | ||
| 005 | 20260601215715.0 | ||
| 007 | ta | ||
| 008 | 230721s2023 xr c 000 f cze d | ||
| 015 | |a cnb003533736 | ||
| 020 | |a 9788025255568 |q (vázáno) : |c Kč 369,00 | ||
| 035 | |a (OCoLC)1396729300 | ||
| 040 | |a ABG001 |b cze |d ABA001 |e rda | ||
| 041 | 1 | |a cze |h eng | |
| 072 | 7 | |a 821.111-3 |x Anglická próza, anglicky psaná |2 Konspekt | |
| 072 | 7 | |a 821-93 |x Literatura pro děti a mládež (beletrie) |2 Konspekt | |
| 080 | |a 821.111(94)-31 |2 MRF | ||
| 080 | |a 821-93 |2 MRF | ||
| 080 | |a (0:82-312.9) |2 MRF | ||
| 100 | 1 | |a Flanagan, John |q (John Anthony), |d 1944-2026 |7 xx0081982 |4 aut | |
| 240 | 1 | 0 | |a Arazan's wolves. |l Česky |
| 245 | 1 | 0 | |a Hraničářův učeň. |n Kniha sedmnáctá, |p Arazanini vlci / |c John Flanagan ; z anglického originálu Ranger's apprentice - The royal ranger 6, Arazan's wolves přeložila Eva Dejmková |
| 246 | 3 | 0 | |a Arazanini vlci |
| 250 | |a 1. vydání | ||
| 264 | 1 | |a V Praze : |b Egmont, |c 2023 | |
| 300 | |a 229 stran ; |c 21 cm | ||
| 336 | |a text |b txt |2 rdacontent | ||
| 337 | |a bez média |b n |2 rdamedia | ||
| 338 | |a svazek |b nc |2 rdacarrier | ||
| 490 | 1 | |a Fantasy | |
| 520 | 2 | |a Další příběh z fantasy série o hraničářském učni a jeho přátelích. |b V kopcích a údolích Celtiky řádí zlovlci. Jsou to obrovští netvoři, o nichž se myslelo, že patří do mýtů a legend, mnohem větší než obyčejní vlci. A tak se Maddie a Will vydávají do sousední země s cílem odhalit, kdo nebo co za těmito nebezpečnými šelmami stojí. Nakladatelská anotace. Kráceno. | |
| 521 | 8 | |a Pro čtenáře od 12 let | |
| 655 | 7 | |a australské romány |7 fd131842 |2 czenas | |
| 655 | 7 | |a fantasy romány |7 fd184199 |2 czenas | |
| 655 | 7 | |a publikace pro mládež |7 fd133157 |2 czenas | |
| 655 | 9 | |a Australian fiction |2 eczenas | |
| 655 | 9 | |a fantasy novels |2 eczenas | |
| 655 | 9 | |a juvenile literature |2 eczenas | |
| 700 | 1 | |a Dejmková, Eva |7 xx0111678 |4 trl | |
| 765 | 1 | |t Ranger's apprentice | |
| 765 | 1 | |t Royal ranger | |
| 787 | 0 | 8 | |i Z cyklu: |t Hraničářův učeň |g 17 |
| 830 | 0 | |a Fantasy (Egmont) | |
| 900 | |a ABA001 |b 21 | ||
| 928 | 9 | |a Albatros Media - Egmont | |
| 044 | |a xr | ||
| 910 | |a RBIT002 | ||
| 998 | |d 380569 |a https://core.palmknihy.cz/api/books/380569/cover?seoot8 |b https://core.palmknihy.cz/api/books/380569/cover/400?seoot8 |c https://core.palmknihy.cz/api/books/380569/cover/50?seoot8 |e 2028-12-07 |g 232 |i 9788025255568 |j https://core.palmknihy.cz/api/books/380569/preview.epub |k https://core.palmknihy.cz/api/books/380569/preview.pdf |l |q 49 |r 1 |s https://www.palmknihy.cz/kniha/380569 |t ebook |y 2023 |z 0 |v Hraničářův učeň |w 17 | ||
| 999 | |d 311993 | ||